LEADER 02138nam0 2200445 i 450 001 CFI0256698 005 20251003044137.0 010 $a8871533445 100 $a19960610d1993 ||||0itac50 ba 101 | $aita 102 $ait 181 1$6z01$ai $bxxxe 182 1$6z01$an 200 1 $aIndicatori economici provinciali$fConfindustria, Centro studi 210 $aRoma$cSIPI$d1993 215 $aXXIII, 269 p.$d24 cm 225 | $aIndustria e territorio$v13 300 $aSegue: Cartogrammi. 314 $aSC/CFI 30/01/02 SC/CFI 01/08/96 SC/BVE, 04/10/94, BNI giugno 1994$9CFIV004638 410 0$1001CFI0115380$12001 $aIndustria e territorio$v13 606 $aItalia$xEconomia$x1990-1991$xDati statistici$2FIR$3UFIC042445$9I 676 $a330.945$9SITUAZIONI E CONDIZIONI ECONOMICHE. ITALIA$v23 676 $a330.9450928$9SITUAZIONE E CONDIZIONI ECONOMICHE. ITALIA. 1980-1989$v20 696 $aEconomia reale$aAttività economiche$aAspetti economici 699 $aEconomia$yEconomia reale 699 $aEconomia$zAttività economiche 699 $aEconomia$zAspetti economici 710 02$aConfindustria$b : Centro studi$3CFIV004638$4070$022508 791 02$aCentro studi Confindustria$3CFIV012525$zConfindustria : Centro studi 791 02$aCSC$c $3CFIV065535$zConfindustria : Centro studi 791 02$aCentro studi Confindustria$3CFIV012525$zConfindustria : Centro studi 791 02$aCSC$c $3CFIV065535$zConfindustria : Centro studi 801 3$aIT$bIT-000000$c19960610 850 $aIT-BN0095 901 $bNAP 01$cPOZZO LIB.$nVi sono collocati fondi di economia, periodici di ingegneria e scienze, periodici di economia e statistica e altri fondi comprendenti documenti di economia pervenuti in dono. 912 $aCFI0256698 950 0$aBiblioteca Centralizzata di Ateneo$c1 v.$d 01POZZO LIB.ECON MON 7094$e 0101 0700201145E VMA 1 v. ( Precedente collocazione 20 Ec 114)$fB $h20220728$i20220728 977 $a 01 996 $aIndicatori economici provinciali$962465 997 $aUNISANNIO LEADER 03965oas 2201285 a 450 001 9910146007503321 005 20260203110306.0 011 $a1618-727X 035 $a(DE-599)ZDB2080328-X 035 $a(OCoLC)49930759 035 $a(CONSER) 2002229022 035 $a(CKB)954925561568 035 $a(DE-599)2080328-X 035 $a(EXLCZ)99954925561568 100 $a20020605b19882023 uy 101 0 $aeng 135 $aurcnu|||||||| 181 $ctxt$2rdacontent 182 $cc$2rdamedia 183 $acr$2rdacarrier 200 10$aJournal of digital imaging 210 $aNew York, N.Y. $cSpringer-Verlag 300 $aRefereed/Peer-reviewed 300 $aTitle from journal information screen (viewed June 5, 2002). 311 08$a0897-1889 517 1 $aJDI 531 0 $aJ. digit. imaging 606 $aMedical radiology$xData processing$vPeriodicals 606 $aDiagnosis, Radioscopic$xData processing$vPeriodicals 606 $aImage processing$xDigital techniques$vPeriodicals 606 $aComputer Systems 606 $aRadiographic Image Enhancement 606 $aRadiology Information Systems 606 $aRadiologie me?dicale$xInformatique$vPe?riodiques 606 $aRadiodiagnostics$xInformatique$vPe?riodiques 606 $aTraitement d'images$xTechniques nume?riques$vPe?riodiques 606 $aSyste?mes informatiques 606 $aRadiographie (Me?decine)$xQualite? de l'image 606 $aSyste?mes de communication et d'archivage d'images en me?decine 606 $aDiagnosis, Radioscopic$xData processing$2fast$3(OCoLC)fst00892330 606 $aImage processing$xDigital techniques$2fast$3(OCoLC)fst00967508 606 $aMedical radiology$xData processing$2fast$3(OCoLC)fst01088285 606 $aRadiologia mèdica$2thub 606 $aProcessament d'imatges$2thub 606 $aImatges mèdiques$2thub 608 $aPeriodical. 608 $aPeriodicals.$2fast 608 $aPeriodicals.$2lcgft 608 $aRevistes electròniques.$2thub 615 0$aMedical radiology$xData processing 615 0$aDiagnosis, Radioscopic$xData processing 615 0$aImage processing$xDigital techniques 615 2$aComputer Systems. 615 2$aRadiographic Image Enhancement. 615 2$aRadiology Information Systems. 615 6$aRadiologie me?dicale$xInformatique 615 6$aRadiodiagnostics$xInformatique 615 6$aTraitement d'images$xTechniques nume?riques 615 6$aSyste?mes informatiques. 615 6$aRadiographie (Me?decine)$xQualite? de l'image. 615 6$aSyste?mes de communication et d'archivage d'images en me?decine. 615 7$aDiagnosis, Radioscopic$xData processing. 615 7$aImage processing$xDigital techniques. 615 7$aMedical radiology$xData processing. 615 7$aRadiologia mèdica. 615 7$aProcessament d'imatges. 615 7$aImatges mèdiques. 676 $a616 712 02$aSociety for Computer Applications in Radiology, 712 02$aSociety for Imaging Informatics in Medicine, 801 0$bFUG 801 1$bFUG 801 2$bOCLCQ 801 2$bOCL 801 2$bOCLCQ 801 2$bCLU 801 2$bUKMGB 801 2$bOCLCQ 801 2$bOCLCF 801 2$bOCLCA 801 2$bOCLCO 801 2$bOCL 801 2$bOCLCQ 801 2$bOCLCO 801 2$bOCLCQ 801 2$bUAB 801 2$bOCLCQ 801 2$bEZC 801 2$bVT2 801 2$bDLC 801 2$bRDF 801 2$bSFB 801 2$bOCLCA 801 2$bCNMTR 801 2$bUBY 801 2$bOCLCQ 801 2$bOCLCO 801 2$bOCLCQ 801 2$bU3W 801 2$bNLM 801 2$bOCLCQ 801 2$bOCLCL 801 2$bCSU 801 2$bLIP 801 2$bXFH 801 2$bOCLCQ 906 $aJOURNAL 912 $a9910146007503321 996 $aJournal of digital imaging$92265954 997 $aUNINA